000 00591nam a2200229Ia 4500
003 OSt
005 20221006153821.0
006 a|||||r|||| 00| 0
007 ta
008 221006b |||||||| |||| 00| 0 chi d
024 _a33,469
037 _bGift, PRC
_cTextual
040 _aEASL
_cEASL
_bchi
041 _2chi
_achi
082 _aV41
100 _aYANG Jia Luo Ed.
_9665531
245 0 _aYue Man Tang Du Shu Ji
260 _aTaibei
_bShi Jie Shu Ju
_c1954
300 _av.p.
_ccm.
942 _hV41
_cTEXL
_2CC
999 _c1101555
_d1101555